El divino fracaso

محفوظ في:
التفاصيل البيبلوغرافية
المؤلف الرئيسي: Cansinos Assens, R.
التنسيق: كتاب
اللغة:Undetermined
منشور في: Madrid, España Biblioteca Nueva 1918
الموضوعات:
الوسوم: إضافة وسم
لا توجد وسوم, كن أول من يضع وسما على هذه التسجيلة!

MARC

LEADER 00000nam a2200000Ia 4500
008 170316s9999 xx 000 0 und d
040 |a cru BVZT 
090 |a 862 C-14d 
100 |a Cansinos Assens, R. 
245 |a El divino fracaso 
260 |a Madrid, España 
260 |b Biblioteca Nueva 
260 |c 1918 
300 |a 262 páginas 
650 |a LITERATURA ESPAÑOLA 
999 |c 9615  |d 9615 
942 |c 15 D  |h 862 C-14d  |2 z